Die dogmatische Stellung des Königs in der Theologie der alten Ägypter /

محفوظ في:

المؤلف الرئيسي: Jacobsohn, Helmuth (مؤلف)

التنسيق: كتاب

اللغة: German

منشور في: Glückstadt ; New York : J. J. Augustin, 1939.

سلاسل: Agyptologische Forschungen ; 8.
AgForsch ; 8.

الموضوعات:

الوسوم: إضافة وسم

لا توجد وسوم, كن أول من يضع وسما على هذه التسجيلة!

رقم الطلب: DT57 .A4 v.8

LEADER 00964namaa2200301 4500
001 22921
003 OSt
005 20250519072707.0
008 130303s1939 gw a b 000 0 ger d
040 |c ARCE Library 
043 |a f-ua--- 
050 4 |a DT57 .A4 v.8 
100 1 |a Jacobsohn, Helmuth,  |e author  |9 33060 
245 1 4 |a Die dogmatische Stellung des Königs in der Theologie der alten Ägypter /   |c Helmuth Jacobsohn. 
264 1 |a Glückstadt ;   |a New York :   |b J. J. Augustin,   |c 1939. 
300 |a 71 pages :   |b illustrations ;   |c 30 cm. 
490 1 |a Agyptologische Forschungen ;   |v 8. 
490 1 |a AgForsch ;   |v 8. 
500 |a Issued also as thesis, Munich, 1938. 
504 |a Includes bibliographical references. 
650 0 |a Cults  |z Egypt. 
651 0 |a Egypt  |x Kings and rulers. 
651 0 |a Egypt  |x Religion. 
830 0 |a Agyptologische Forschungen ;   |v 8. 
830 0 |a AgForsch ;   |v 8. 
901 |a reviewed 
942 |c BK  |2 lcc 
999 |c 20398  |d 20398